Statistics for Команды РПЛ

Click here to take the quiz!

General Stats

  • This quiz has been taken 140 times
  • The average score is 14 of 16

Answer Stats

ГородКлуб% Correct
Санкт-ПетербургЗенит
99%
МоскваСпартак
99%
КраснодарКраснодар
98%
МоскваЦСКА
97%
СочиСочи
95%
Ростов-на-ДонуРостов
92%
КазаньРубин
90%
ОренбургОренбург
90%
МоскваЛокомотив
89%
ГрозныйАхмат
86%
МоскваДинамо
85%
Нижний НовгородПари НН
82%
СамараКрылья Советов
77%
КалининградБалтика
72%
ЕкатеринбургУрал
71%
ВоронежФакел
67%

Score Distribution

Percentile by Number Answered

Percent of People with Each Score

Your Score History

You have not taken this quiz